000 00647npc a2200217Ia 4500
001 db6-1650 [d000001700]
003 IT-MiCISF
008 161014s9999||||xx | und||
040 _aIT-MiCISF
_cIT-MiCISF
041 _ait
100 _aDi Ciaccia Castrese
245 0 _aIl miracolo della vita umana
_bUna storia sacra fin dal suo inizio
250 _a1a ed.
260 _a Leumann (TO)
_bElle Di Ci
_c1993
300 _app. 87
500 _a / persona, procreazione, embrione, etica, chiesa, senso-della-vita, contraccezione /
650 _apersona
700 _aMattioli Vitaliano
942 _cDD
957 _71
999 _a1650
_bsi
_g1
_c208375
_d208375